[Event "Makita-Lakoni GM"]
[Site "Jakarta IND"]
[Date "2004.02.16"]
[Round "1"]
[White "Hoang Thanh Trang"]
[Black "Megaranto,S"]
[Result "0-1"]
[WhiteElo "2447"]
[BlackElo "2458"]
[EventDate "2004.02.16"]

1. d4 d5 2. c4 c6 3. Nf3 Nf6 4. Nc3 dxc4 5. a4 Bf5 6. Ne5 e6 7. f3 Nbd7 8.
e4 Bg6 9. Nxc4 Be7 10. Be2 O-O 11. Be3 Nb6 12. Ne5 Rc8 13. O-O c5 14. a5
Na8 15. a6 b5 16. Bxb5 Qb6 17. Nc4 Qb8 18. d5 exd5 19. exd5 Rfd8 20. Qd2
Nb6 21. Nxb6 Qxb6 22. Rfd1 Bd6 23. Kh1 Qb8 24. Bc6 Bxh2 25. Bb7 Be5 26. Ra5
Rc7 27. Rxc5 Nh5 28. Nb5 Rxc5 29. Bxc5 Ng3+ 30. Kg1 Bf4 31. Be3 Bxe3+ 32.
Qxe3 Re8 33. Qg5 h6 34. Qh4 Ne2+ 35. Kh1 Ng3+ 36. Kg1 Qe5 37. Nc3 Bc2 38.
Ra1 Qe3+ 39. Kh2 Nf5 40. Qg4 h5 41. Qb4 Nd4 42. Qd6 h4 43. Rg1 Re5 44. Qd8+
Kh7 45. Qxh4+ Kg6 46. Qg3+ Rg5 47. Re1 Qd2 48. Qd6+ f6 0-1

[Event "Makita-Lakoni GM"]
[Site "Jakarta IND"]
[Date "2004.02.17"]
[Round "2"]
[White "Hoang Thanh Trang"]
[Black "Juswanto,D"]
[Result "0-1"]
[WhiteElo "2447"]
[BlackElo "2505"]
[EventDate "2004.02.16"]

1. d4 Nf6 2. c4 e6 3. Nc3 Bb4 4. Qc2 d5 5. cxd5 exd5 6. Bg5 h6 7. Bxf6 Qxf6
8. a3 Bxc3+ 9. Qxc3 c6 10. e3 O-O 11. Nf3 Re8 12. Bd3 Be6 13. O-O Nd7 14.
Ne5 Rad8 15. b4 Bf5 16. Nxd7 Rxd7 17. b5 Re6 18. Rfc1 Qg5 19. Bxf5 Qxf5 20.
bxc6 Rxc6 21. Qb3 Qe6 22. Rab1 Rdc7 23. Rxc6 Qxc6 24. h3 Qg6 25. Qb5 Qf5
26. Rb2 Kh7 27. Qe8 b6 28. Qd8 Rc1+ 29. Kh2 Rf1 30. Qd6 f6 31. f3 Re1 32.
Rb5 Rxe3 33. Rxd5 Qg6 34. Rb5 Qc2 35. Rh5 Rxf3 36. Rh4 Rf1 37. Qe7 f5 38.
Qe3 Qc7+ 39. Qe5 Qxe5+ 40. dxe5 Re1 41. Ra4 a5 42. Rc4 Rxe5 43. Rc6 b5 44.
Rb6 f4 45. Kg1 Re3 46. Rxb5 Rxa3 47. Rb6 Ra2 48. h4 a4 49. Rb4 g5 50. hxg5
hxg5 51. Rb6 a3 52. Ra6 g4 53. g3 f3 54. Rf6 Rg2+ 55. Kf1 a2 56. Ra6 Rb2
0-1

[Event "Makita-Lakoni GM"]
[Site "Jakarta IND"]
[Date "2004.02.18"]
[Round "3"]
[White "Juswanto,D"]
[Black "Megaranto,S"]
[Result "1/2-1/2"]
[WhiteElo "2505"]
[BlackElo "2458"]
[EventDate "2004.02.16"]

1. d4 d5 2. Nf3 Nf6 3. Bf4 c6 4. e3 Bf5 5. Bd3 Bxd3 6. cxd3 e6 7. O-O Bd6
8. Bxd6 Qxd6 9. Qb3 Qa3 10. Qc3 Qe7 11. Qb3 Qa3 12. Qxa3 Kd7 13. Qe7+ Kxe7
14. Nbd2 a5 15. Rfc1 Na6 16. a3 Nd7 17. Rc2 f6 18. Rac1 Rhb8 19. Kf1 Re8
20. e4 Kf7 21. Nb1 Nac5 22. Nbd2 Na6 23. Nb3 Nc7 24. e5 a4 25. Nc5 Nxc5 26.
dxc5 Nb5 27. Re1 f5 28. d4 h6 29. Ke2 g5 30. Kd3 Ke7 31. Ng1 f4 32. Ne2 Kd7
33. Nc3 Ra5 34. Rb1 Rea8 35. Ne2 Rf8 36. f3 Raa8 37. Nc3 Ra5 38. Ne2 Raa8
39. Nc3 1/2-1/2

[Event "Makita-Lakoni GM"]
[Site "Jakarta IND"]
[Date "2004.02.19"]
[Round "4"]
[White "Adianto,U"]
[Black "Hoang Thanh Trang"]
[Result "1/2-1/2"]
[WhiteElo "2591"]
[BlackElo "2447"]
[EventDate "2004.02.16"]

1. c4 f5 2. Nc3 Nf6 3. Nf3 g6 4. g3 Bg7 5. Bg2 d6 6. d4 O-O 7. O-O Qe8 8.
d5 a5 9. Be3 Na6 10. Qd2 Ng4 11. Bd4 Bh6 12. Qd1 e5 13. dxe6 c5 14. e7 Rf7
15. Nb5 cxd4 16. Nxd6 Qxe7 17. Nxf7 Kxf7 18. h3 Ne5 19. Nxd4 Kf8 20. e3 Nc5
21. Nb3 Ne4 22. Kh2 Be6 23. Qc2 a4 24. Nd4 Bxc4 25. Rfd1 Nd6 26. b3 Bf7 27.
Rac1 axb3 28. axb3 Rc8 29. Qa2 Rxc1 30. Rxc1 Nd3 31. Rc3 Nb4 32. Qa8+ Kg7
33. Qa5 Na6 34. Qb6 Ne4 35. Rc2 Bg5 36. Bf1 Qb4 37. Qxb4 Nxb4 38. Rc7 Kf8
39. Rxb7 Be7 40. Kg1 Nd2 41. Rb8+ Kg7 42. Rb7 Kf8 43. Rb8+ Kg7 1/2-1/2

[Event "Makita-Lakoni GM"]
[Site "Jakarta IND"]
[Date "2004.02.20"]
[Round "5"]
[White "Megaranto,S"]
[Black "Adianto,U"]
[Result "0-1"]
[WhiteElo "2458"]
[BlackElo "2591"]
[EventDate "2004.02.16"]

1. e4 c5 2. Nf3 d6 3. d4 cxd4 4. Nxd4 Nf6 5. Nc3 a6 6. Bc4 e6 7. Bb3 Nbd7
8. O-O Nc5 9. f4 Be7 10. Qf3 O-O 11. Be3 Qc7 12. f5 Nxb3 13. axb3 e5 14.
Nde2 b5 15. g4 Bb7 16. g5 Nxe4 17. Nxe4 d5 18. f6 dxe4 19. Qf2 Bd8 20. fxg7
Kxg7 21. Ng3 Kh8 22. Nh5 Rc8 23. Rad1 Qxc2 24. Qf5 Qe2 25. Rxd8 Qxh5 26.
Rd6 Rc6 27. Rxc6 Bxc6 28. Qf6+ Kg8 29. Qxc6 Qg4+ 30. Kh1 Qe2 31. Qc1 Rd8
32. b4 h6 33. Rf2 Rd1+ 34. Qxd1 Qxd1+ 35. Kg2 hxg5 0-1

[Event "Makita-Lakoni GM"]
[Site "Jakarta IND"]
[Date "2004.02.21"]
[Round "6"]
[White "Adianto,U"]
[Black "Juswanto,D"]
[Result "1-0"]
[WhiteElo "2591"]
[BlackElo "2505"]
[EventDate "2004.02.16"]

1. d4 Nf6 2. c4 e6 3. Nf3 b6 4. g3 Bb7 5. Bg2 Bb4+ 6. Bd2 a5 7. O-O O-O 8.
Bg5 Be7 9. Nc3 Ne4 10. Bxe7 Qxe7 11. Qc2 Nxc3 12. Qxc3 d6 13. d5 e5 14. e4
Nd7 15. b3 c6 16. Nd2 cxd5 17. cxd5 Ba6 18. Rfc1 Nc5 19. Qe3 f5 20. exf5
Rxf5 21. Bh3 Rh5 22. Bg4 Rh6 23. a3 Rf8 24. Rc3 Rg6 25. Bh3 Rgf6 26. f4 Qd8
27. fxe5 dxe5 28. Bg2 Rf2 29. Bf3 R8xf3 30. Nxf3 Re2 31. Qg5 Qf8 32. Rf1
Ne4 33. Qxe5 Nxc3 34. Qxc3 Qe7 35. Nd4 Ra2 36. Nf5 Qd7 37. Qc6 Qd8 38. Qe6+
Kh8 39. Nd6 1-0

[Event "Makita-Lakoni GM"]
[Site "Jakarta IND"]
[Date "2004.02.21"]
[Round "6"]
[White "Megaranto,S"]
[Black "Hoang Thanh Trang"]
[Result "0-1"]
[WhiteElo "2458"]
[BlackElo "2447"]
[EventDate "2004.02.16"]

1. e4 e6 2. d4 d5 3. Nc3 Bb4 4. e5 c5 5. a3 Bxc3+ 6. bxc3 Ne7 7. Nf3 Bd7 8.
Bd3 Ba4 9. O-O Nd7 10. Ng5 h6 11. Nh3 Qc7 12. Ra2 O-O-O 13. Nf4 Kb8 14. Be3
Nc6 15. Nh5 g6 16. Nf4 Rde8 17. Rb2 Ka8 18. Qf3 Qa5 19. Rfb1 Rb8 20. h4
Rhf8 21. dxc5 Ndxe5 22. Qg3 g5 23. hxg5 hxg5 24. Ne2 f5 25. Bxg5 Rg8 26.
Nf4 Nd8 27. Bxd8 Rbxd8 28. Qe3 Ng4 29. Qd2 Rde8 30. Rxb7 Bc6 31. R7b4 Qxc5
32. Nxe6 Rxe6 33. Bxf5 Ne5 34. Qf4 Ree8 35. Bh3 Qxc3 36. R4b3 Qxc2 37. Bf5
Qc5 38. Rc1 Nc4 39. Rg3 Rxg3 40. Qxg3 Bb7 41. Qg6 Rf8 42. a4 Qa3 43. Re1
Qxa4 44. Qg7 Re8 45. Re7 Qd1+ 46. Kh2 Qh5+ 47. Bh3 Rxe7 48. Qxe7 Qe5+ 49.
Qxe5 Nxe5 50. f4 Nf7 51. g4 d4 52. g5 d3 53. g6 Nh6 54. Bf1 Be4 55. Kg3
Bxg6 56. Kf2 Ng4+ 57. Ke1 Ne3 58. Bh3 Kb8 59. Be6 Ng2+ 60. Kd2 Nxf4 0-1

[Event "Makita-Lakoni GM"]
[Site "Jakarta IND"]
[Date "2004.02.22"]
[Round "7"]
[White "Juswanto,D"]
[Black "Hoang Thanh Trang"]
[Result "1-0"]
[WhiteElo "2505"]
[BlackElo "2447"]
[EventDate "2004.02.16"]

1. Nf3 f5 2. b3 d6 3. d4 Nf6 4. g3 g6 5. Bg2 Bg7 6. O-O O-O 7. c4 c6 8. Nc3
Na6 9. Bb2 Qe8 10. Re1 e5 11. dxe5 dxe5 12. e4 f4 13. Ba3 Rf7 14. h3 fxg3
15. fxg3 Nh5 16. Kh2 Be6 17. Qe2 Rd8 18. Rad1 Rfd7 19. Rxd7 Rxd7 20. Nd1 h6
21. Nf2 Qd8 22. Bb2 Nc5 23. Bf1 Kh7 24. Qe3 b6 25. Bxe5 Bxe5 26. Nxe5 Rd2
27. Re2 Rxe2 28. Bxe2 Qd6 29. Ned3 Nxd3 30. Nxd3 Ng7 31. c5 Qc7 32. Kg2 b5
33. Qd4 Qa5 34. Qb2 Qd8 35. Qc3 a5 36. a3 Qe7 37. Nf4 g5 38. Nxe6 Nxe6 39.
Qe5 Qd7 40. Qd6 Qxd6 41. cxd6 Kg6 42. a4 bxa4 43. bxa4 Kf6 44. Bg4 Nc5 45.
Kf3 Nb7 46. Ke3 Nxd6 47. Kd4 Nf7 48. Kc5 Ke5 49. Kxc6 Kxe4 50. Kb5 Ne5 51.
Kxa5 Kd4 52. Kb5 Nc4 53. a5 Nd6+ 54. Kc6 Nc4 55. a6 Na5+ 56. Kb5 1-0

[Event "Makita-Lakoni GM"]
[Site "Jakarta IND"]
[Date "2004.02.23"]
[Round "8"]
[White "Megaranto,S"]
[Black "Juswanto,D"]
[Result "0-1"]
[WhiteElo "2458"]
[BlackElo "2505"]
[EventDate "2004.02.16"]

1. Nf3 c5 2. c4 Nc6 3. Nc3 g6 4. g3 Bg7 5. Bg2 e6 6. O-O Nge7 7. d3 d5 8.
cxd5 exd5 9. Bd2 O-O 10. Rc1 b6 11. a3 h6 12. Na4 a5 13. Qb3 Rb8 14. Bf4
Rb7 15. Rfe1 g5 16. Bd2 Nf5 17. h3 Re8 18. e3 Rb8 19. Qc2 Be6 20. g4 Nd6
21. e4 dxe4 22. dxe4 Nb5 23. Be3 Nbd4 24. Nxd4 Nxd4 25. Bxd4 Bxd4 26. Nc3
Qf6 27. a4 Qe5 28. Qd2 Rbd8 29. Qc2 Kg7 30. Qe2 Bb3 31. Qb5 c4 32. Qxe5+
Bxe5 33. Bf1 Rd2 34. Re2 Red8 35. Nd5 Rxe2 36. Bxe2 Bxb2 37. Rb1 Bd4 38.
Bd1 Ba2 39. Rb5 c3 40. Bc2 Rd6 41. Kg2 Bc5 42. Nxc3 Rd2 43. Bb3 Bxb3 44.
Rxb3 Rd3 0-1

[Event "Makita-Lakoni GM"]
[Site "Jakarta IND"]
[Date "2004.02.24"]
[Round "9"]
[White "Adianto,U"]
[Black "Megaranto,S"]
[Result "1-0"]
[WhiteElo "2591"]
[BlackElo "2458"]
[EventDate "2004.02.16"]

1. d4 Nf6 2. c4 e6 3. Nf3 Bb4+ 4. Nbd2 b6 5. a3 Bxd2+ 6. Bxd2 Bb7 7. Bg5
O-O 8. e3 d6 9. Bd3 Nbd7 10. O-O h6 11. Bh4 Qe7 12. Nd2 Rad8 13. b4 Rfe8
14. f4 c5 15. Rb1 Ba8 16. Qa4 Nf8 17. Rbe1 Qb7 18. Nf3 cxd4 19. Bxf6 gxf6
20. exd4 Qd7 21. Qc2 b5 22. cxb5 f5 23. Qf2 Ng6 24. Nh4 Kh7 25. Nxg6 fxg6
26. Re3 Bd5 27. Rc1 Rc8 28. Ree1 Rxc1 29. Rxc1 Rc8 30. Rxc8 Qxc8 31. Qc2
Qb7 32. a4 Qg7 33. Qf2 g5 34. fxg5 Qxg5 35. h4 Qg4 36. Kh2 Kh8 37. a5 Qd1
38. Qe3 Kh7 39. b6 axb6 40. axb6 Qg4 41. Qf2 Kh8 42. Be2 Qe4 43. Bh5 Kh7
44. Qg3 Qxd4 45. Qg6+ Kh8 46. Qxh6+ Kg8 47. Qg5+ Kf8 48. Qd8+ Kg7 49. Qg5+
Kf8 50. Bg6 Qe5+ 51. Kh3 Qc3+ 52. g3 Qb2 53. Qh6+ Qg7 54. Qxg7+ Kxg7 55. h5
1-0

[Event "Makita-Lakoni GM"]
[Site "Jakarta IND"]
[Date "2004.02.25"]
[Round "10"]
[White "Hoang Thanh Trang"]
[Black "Adianto,U"]
[Result "1/2-1/2"]
[WhiteElo "2447"]
[BlackElo "2591"]
[EventDate "2004.02.16"]

1. d4 d5 2. c4 c6 3. Nf3 Nf6 4. Nc3 a6 5. Qb3 dxc4 6. Qxc4 g6 7. g3 b5 8.
Qd3 b4 9. Na4 a5 10. Bg2 Bg7 11. O-O O-O 12. Bf4 Ba6 13. Qc2 Bb5 14. Rfd1
Nd5 15. Be5 f6 16. Bxb8 Qxb8 17. Nc5 Ra7 18. e4 Nb6 19. Bf1 Bh6 20. a4 Bxf1
21. Kxf1 Qc8 22. Kg2 e6 23. Nd2 Bxd2 24. Rxd2 f5 25. Rc1 Raf7 26. Nb3 Qa8
27. Qxc6 fxe4 28. Qxa8 Rxa8 29. Rc6 Nxa4 30. Rxe6 Rb7 31. Re5 Rba7 32. Rb5
Ra6 33. d5 Kf7 34. d6 Rd8 35. Rxa5 Rxa5 36. Nxa5 Ke6 37. Rd4 e3 38. fxe3
Rxd6 39. b3 Rxd4 40. exd4 Nc3 41. Kf3 Kd5 42. Ke3 Nb5 43. Nc4 Nxd4 44. Nb6+
Kc5 45. Nd7+ Kd5 46. Nf6+ Ke5 47. Nd7+ 1/2-1/2